| 000 | 01979cam a22005057a 4500 | ||
|---|---|---|---|
| 001 | 000094965 | ||
| 003 | CHAP | ||
| 005 | 20220329143050.0 | ||
| 008 | 051128d2005 mx abd r 00110 spa d | ||
| 010 | _a91431 | ||
| 011 | _a92403 | ||
| 035 | _a102967 | ||
| 040 | _cCHAP | ||
| 090 | _aTesis | ||
| 100 | 0 | 0 |
_aHernández Hernández, Ameyali. _954114 |
| 245 | 1 | 0 |
_aDesarrollo rural regional a través del establecimiento de una agroindustria extractora de aceites esenciales en el oriente sur del Estado de México / _c/por Ameyali Hernández Hernández y Felipe Reyes Fuentes. |
| 260 |
_aChapingo, Méx. : _bEl autor, _c2005. |
||
| 300 |
_a166 h. : _bilus. ; gráf. ; mapas ; cuadros ; diagramas ; organigrama. |
||
| 502 | _aTesis (Ing. en Agroecología) -- UACH. Departamento de Agroecología | ||
| 590 |
_aALEPH _b10 _c20130110 _lUCH01 _h1508 |
||
| 590 |
_aBATCH-UPD _b10 _c20130110 _lUCH01 _h0642 |
||
| 590 |
_aBATCH-UPD _b10 _c20130110 _lUCH01 _h2305 |
||
| 590 |
_aBATCH-UPD _b10 _c20130410 _lUCH01 _h0326 |
||
| 590 |
_aBATCH-UPD _b10 _c20130913 _lUCH01 _h1856 |
||
| 590 |
_aBATCH-UPD _b10 _c20140324 _lUCH01 _h1452 |
||
| 590 |
_aBATCH-UPD _b10 _c20141002 _lUCH01 _h0827 |
||
| 590 |
_aCONVERSION _b10 _c20130109 _lUCH01 _h1351 |
||
| 590 |
_aE792CSJ _b10 _c20130618 _lUCH01 _h1102 |
||
| 650 | 1 | 4 |
_aAceites esenciales. _9455 |
| 650 | 1 | 4 |
_aAceites vegetales. _9457 |
| 650 | 1 | 4 |
_aDesarrollo rural. _932067 |
| 650 | 1 | 4 |
_aDestilación. _932202 |
| 650 | 1 | 4 |
_aEsencias. _937677 |
| 650 | 1 | 4 |
_aIndustria aceitera. _957776 |
| 650 | 1 | 4 |
_aIndustrias agrícolas _xMéxico (Edo.) _957958 |
| 650 | 1 | 4 |
_aPlantas aromáticas. _988900 |
| 700 | 0 |
_aReyes Fuentes, Felipe. _996831 |
|
| 856 |
_3Finding aid _uhttp://10.13.5.2/tesis/102967.pdf _zTeclea aquí |
||
| 901 | _aBK | ||
| 905 | _aMarco A. Mendoza T. | ||
| 942 | _cCD | ||
| 942 | _n0 | ||
| 949 |
_aTesis _bBC _cTES _d1029671 _eTS1 _gDonaciØn _h44449 _i102967 _sb |
||
| 949 |
_aTesis _bBC _cTES _d33724000967402 _eTS2 _fc.2 _gDonaciØn _h44450 _i102967 _si |
||
| 999 |
_c91431 _d91431 |
||